| 000 | 00951nam a22002415a 4500 | ||
|---|---|---|---|
| 003 | OSt | ||
| 005 | 20170322143835.0 | ||
| 008 | 170313s1989 ua frb 000 0 ara d | ||
| 040 |
_aEG-ScBUE _bara _cEG-ScBUE |
||
| 082 | 0 | 4 |
_222 _bس ر ح _a341.23 |
| 100 | 1 | _aسرحان، عبد العزيز محمد. | |
| 245 | 1 | 2 |
_aالنظرية العامة للتنظيم الدولي على ضوء أهم أحكام ميثاق الأمم المتحدة / _cحسين فتحي عطية أحمد. |
| 260 |
_aالقاهرة : _bدار النهضة العربية، _c1989. |
||
| 300 |
_a348 ص. ؛ _c24 سم. |
||
| 504 | _aيشتمل على إرجاعات ببليوجرافية. | ||
| 610 | 2 | 7 | _aالأمم المتحدة. |
| 650 | 0 |
_2BUEsh _aالمجتمع الدولي. _916326 |
|
| 650 |
_2BUEsh _aالقانون الدولي. |
||
| 650 | 7 |
_2BUEsh _aالمنظمات الدولية. _914582 |
|
| 651 | _2BUEsh | ||
| 653 |
_bLLAAWW _cMarch2017 |
||
| 942 | _2ddc | ||
| 999 |
_c24515 _d24487 |
||